00766nam a2200145Ia 4500008004100000020001800041100002300059245010700082260003900189650001200228650022800240856004500468999001900513952008800532171212s9999 xx 000 0 und d a9780874216936 aPetersen, Jesse G. cPetersen, Jesse G.aRoute for the Overland StagebJames H. Simpson's 1859 Trail Across the Great Basin bUniversity Press of Coloradoc2008 aHistory aSimpson, J. H. (James Hervey), 1813-1883 -- Travel -- Great Basin; Great Basin -- Discovery and exploration; Great Basin -- Surveys; Great Basin -- Geography; Scientific expeditions -- Great Basin -- History -- 19th century uwww.jstor.org/stable/10.2307/j.ctt4cgqjd c353168d353168 001040aCLbCLd2017-12-12l0oF789.P47 2008r2017-12-12 00:00:00w2017-12-12yCBE